00823nam a2200169 a 450000100100000000500170001000800410002704000250006808200150009324501330010826001050024130000350034670000290038171001130041095201130052399900170063600003130020200930062832.0110617s2008 dr 000 0 spa d aDO-SdBNPbspacBNPHU axxxxbP43800aPerfil del (la) docente, director (a) y supervisor (a) en educación ambiental. /celaborado por Vinicio Beltré ... [et al.]. aSanto Domingo :bSecretaría de Estado de Educación, Departamento de Educación Ambental,c2008. a20 p. :bil., retrs. ;c26 cm.1 aBeltré, Vinicio9576321 aRepública Dominicana.bSecretaría de Estado de Educación,bDepartamento de Educación Ambental957756 0010718PDaPDbPDcCTd2011-06-17iLF1l0oxxxx P438p31300-10r2020-06-25w2020-06-25yLFPDZNo se presta c30792d30792